| 000 | 00375nam a2200169Ia 4500 | ||
|---|---|---|---|
| 003 | 0STCL | ||
| 008 | 150530s9999 xx 000 0 und d | ||
| 040 |
_aSTCL _cSTCL |
||
| 100 | _aAgney | ||
| 245 | _aAatmanepad | ||
| 260 |
_bBharathiya Gyanpeet Prakasan; Delhi _c1960 |
||
| 300 | _a0 | ||
| 546 | _aHindi | ||
| 942 |
_2ddc _cBK |
||
| 999 |
_c65401 _d65401 |
||
| 005 | 20220125171304.0 | ||